Դեկորատիվ կիրառական արվեստ ։ (Record no. 430737)
[ view plain ]
| 000 -LEADER | |
|---|---|
| fixed length control field | 01197nam a22002657a 4500 |
| 003 - CONTROL NUMBER IDENTIFIER | |
| control field | AM-YeHGA |
| 040 ## - CATALOGING SOURCE | |
| Original cataloging agency | AM-YeHGA |
| 090 ## - LOCALLY ASSIGNED LC-TYPE CALL NUMBER (OCLC); LOCAL CALL NUMBER (RLIN) | |
| -- | 433296 |
| 005 - DATE AND TIME OF LATEST TRANSACTION | |
| control field | 20250617155332.0 |
| 008 - FIXED-LENGTH DATA ELEMENTS--GENERAL INFORMATION | |
| fixed length control field | 190426s2018 ai a|||frcf|||000|0|arm|| |
| 020 ## - INTERNATIONAL STANDARD BOOK NUMBER | |
| International Standard Book Number | 9789939702568 |
| 041 0# - LANGUAGE CODE | |
| Language code of text/sound track or separate title | arm |
| 245 00 - TITLE STATEMENT | |
| Title | Դեկորատիվ կիրառական արվեստ ։ |
| Remainder of title | Դասագիրք / |
| Statement of responsibility, etc. | Լ․ Մնեյան, Վ․ Դադոյան, Բ․ Հարությունյան, Վ․ Ղազարյան ; Կազմողներ՝ Ս․ Մարտիրոսյան, Դ․ Դավթյան ; [Լուսանկարները՝ Լ․ Ազիզյան]․ |
| 260 ## - PUBLICATION, DISTRIBUTION, ETC. | |
| Place of publication, distribution, etc. | Երևան ։ |
| Name of publisher, distributor, etc. | Վան Արյան, |
| Date of publication, distribution, etc. | 2018. |
| 300 ## - PHYSICAL DESCRIPTION | |
| Extent | 80 էջ ։ |
| Other physical details | նկարներ ; |
| Dimensions | 29 սմ․ |
| 650 14 - SUBJECT ADDED ENTRY--TOPICAL TERM | |
| Topical term or geographic name entry element | Դեկորատիվ կիրառական արվեստ |
| Form subdivision | Դասագրքեր |
| 700 1# - ADDED ENTRY--PERSONAL NAME | |
| Personal name | Մնեյան, Լալա |
| 700 1# - ADDED ENTRY--PERSONAL NAME | |
| Personal name | Դադոյան, Վանո |
| 700 1# - ADDED ENTRY--PERSONAL NAME | |
| Personal name | Հարությունյան, Բարսեղ |
| 700 1# - ADDED ENTRY--PERSONAL NAME | |
| Personal name | Ղազարյան, Վարդանուշ |
| 700 1# - ADDED ENTRY--PERSONAL NAME | |
| Personal name | Մարտիրոսյան, Սամվել |
| Relator term | կազմ․ |
| Relationship | com |
| 700 1# - ADDED ENTRY--PERSONAL NAME | |
| Personal name | Դավթյան, Դավիթ |
| Relator term | կազմ․ |
| Relationship | com |
| 700 1# - ADDED ENTRY--PERSONAL NAME | |
| Personal name | Ազիզյան, Լուսինե |
| Relator term | լուսանկ․ |
| Relationship | pht |
| 942 ## - ADDED ENTRY ELEMENTS (KOHA) | |
| Source of classification or shelving scheme | Universal Decimal Classification |
| Koha item type | Գրքեր / Books |
| Withdrawn status | Lost status | Source of classification or shelving scheme | Damaged status | Not for loan | Collection | Home library | Current library | Date acquired | Total checkouts | Full call number | Barcode | Date last seen | Price effective from | Koha item type | Public note |
|---|---|---|---|---|---|---|---|---|---|---|---|---|---|---|---|
| Universal Decimal Classification | General | Fundamental Scientific Library | Fundamental Scientific Library | 02/05/2019 | AIII/8872 | FL0578022 | 02/05/2019 | 02/05/2019 | Գրքեր / Books | 30 Days Loan |
ՀՀ Գիտությունների ազգային ակադեմիայի հիմնարար գիտական գրադարան = Fundamental Scientific Library of NAS RA
All site content, except where otherwise noted, is licensed under a